Manual del pedagogo práctico: procedimientos prácticos para los maestros de talleres y materias académicas

Uloženo v:
Podrobná bibliografie
Hlavní autoři: Bostwick, Harold S (Autor), Buell, Clayton E (Autor)
Médium: Kniha
Jazyk:španělština
Vydáno: Ciudad de México F. Trillas 1965
Témata:
Tagy: Přidat tag
Žádné tagy, Buďte první, kdo vytvoří štítek k tomuto záznamu!

MARC

LEADER 00000nam a2200000 a 4500
001 UCU0078
003 CL-VaPUC
008 960315e19650000MX |||||||||||||||||spa|d
082 0 4 |a 371.1  |b BOS  |2 21 
100 0 |a Bostwick, Harold S  |e author  |9 355057 
700 0 |a Buell, Clayton E  |e author  |9 355058 
245 1 0 |a Manual del pedagogo práctico: procedimientos prácticos para los maestros de talleres y materias académicas 
300 |a 77 p 
942 |c BK 
945 |d 19960315 00:00:00  |a lriquelm 
260 |a Ciudad de México  |b F. Trillas  |c 1965 
650 0 |a Métodos de enseñanza  |9 270413 
650 7 |a MANUAL DEL DOCENTE  |2 CL-VaPUC  |9 340208 
650 0 |a Docentes  |9 311365 
583 |a last modification  |c 20170926 10:08:10  |k Rodrigo Vera 
999 |c 245025  |d 245023 
952 |0 0  |1 0  |4 0  |6 371_100000000000000_BOS_1965  |7 0  |8 P  |9 259357  |a BIBEDU  |b BIBEDU  |c BIBEDU_PB  |d 2019-11-19  |i 1631179  |o 371.1 BOS 1965  |p 1631179  |r 2019-11-19  |w 2019-11-19  |y BK  |k EDU